|
|
|
|
| LEADER |
00000nab a2200000 a 4500 |
| 001 |
vtls000606592 |
| 003 |
SK-MaSNL |
| 005 |
20260304091451.0 |
| 008 |
250425c1996 xo 0 slo |
| 015 |
|
|
|a SNBRB19rr/mm-uuuuu
|
| 035 |
|
|
|a CL0606731
|
| 035 |
|
|
|a urn:nbn:sk:snk-abdpi4
|
| 035 |
|
|
|a (urnnbn)urn:nbn:sk:snk:ar-001re7
|
| 035 |
|
|
|a (uuid)f61758bf-f385-4b84-b9e8-36bc0ebcb3e4
|
| 040 |
|
|
|a SNKBUCL
|b slo
|c SNKBUCL
|e AACR2
|
| 041 |
0 |
|
|a slo
|
| 044 |
|
|
|a xo
|c SK
|
| 080 |
|
|
|a 711.61(437.6)
|2 1981
|
| 100 |
1 |
|
|a Kočiš, Ladislav
|4 aut
|9 444274
|
| 245 |
1 |
0 |
|a Mestské triedy v Košiciach
|c Ladislav Kočiš
|
| 300 |
|
|
|b Obr. 10
|
| 650 |
0 |
7 |
|a triedy mestské
|2 snkbucl
|9 1383829
|
| 651 |
|
7 |
|a Košice (Slovensko)
|2 snkbucl
|9 18694
|
| 655 |
|
7 |
|a články z novín a časopisov
|2 snkbucl
|9 267496
|
| 773 |
0 |
|
|t Projekt
|g Roč. 38, č. 6 (1996), s. 45-46
|
| 850 |
|
|
|a Slovenská národná knižnica
|
| 852 |
|
|
|a Slovenská národná knižnica
|
| 954 |
|
|
|a odborná, vedecká literatúra pôvodná (slovenská)
|2 lita
|
| 958 |
|
|
|a article19
|
| 958 |
|
|
|a SK
|
| 958 |
|
|
|a RK
|
| 958 |
|
|
|a OND
|
| 958 |
|
|
|a EUIPO
|
| 992 |
|
|
|a RBX
|
| 999 |
|
|
|c 2815491
|d 2817421
|